| 000 | 00000nam 2200000za 4500 |
| 001 | 9.801402 |
| 003 | CaOODSP |
| 005 | 20250505094020 |
| 007 | cr ||||||||||| |
| 008 | 150407s2012||||xxca||||o f00| 0 tgl d |
| 040 | |aCaOODSP|beng |
| 043 | |an-cn--- |
| 086 | 1 |aNH21-1/2012Tgl-PDF|zNH21-1/2012Tl-PDF |
| 245 | 00|aBuying your first home in Canada |h[electronic resource] : |bwhat newcomers need to know. |
| 250 | |a[Tagalog edition]. |
| 260 | |a[Ottawa] : |bCanada Mortgage and Housing Corporation,|cc2012. |
| 300 | |a8 p. : |bphotographs. |
| 546 | |aText in Tagalog. |
| 692 | 07|2gccst|aImmigrants |
| 692 | 07|2gccst|aHousing |
| 710 | 2 |aCanada Mortgage and Housing Corporation. |
| 775 | 08|tL'achat de votre première maison au Canada : |w(CaOODSP)9.644023 |
| 775 | 08|tBuying your first home in Canada |w(CaOODSP)9.700118 |
| 792 | |tL'achat de votre première maison au Canada |efre|w(CaOODSP)9.801403 |
| 856 | 40|qPDF|s454 KB|uhttps://publications.gc.ca/collections/collection_2015/schl-cmhc/NH21-1-2012-tgl.pdf |
| 986 | |a66148 |